000 00461nam a22001697a 4500
003 MACL
005 20160726114542.0
008 160726b xxu||||| |||| 00| 0 eng d
040 _cMACL
041 _aEnglish
082 _a370 KAI
100 _aKainth, Gursharan Singh
_965296
245 _aRight To Education
_bRoadmap Ahead
_cGursharan Singh Kainth
260 _aNew Delhi
_bBharti Publications
_c2014
650 _aEducation
_965297
942 _2ddc
_cHIN
999 _c54963
_d54963